The anthropology of numbers /
| Main Author: | |
|---|---|
| Format: | Book |
| Language: | English |
| Published: |
Cambridge ; New York :
Cambridge University Press,
1990.
|
| Series: | Cambridge studies in social and cultural anthropology ;
70. |
| Subjects: | |
| Online Access: | Table of contents Table of contents Publisher description |
MARC
| Tag | First Indicator | Second Indicator | Subfields |
|---|---|---|---|
| LEADER | 00000cam a2200000 a 4500 | ||
| 001 | in00000915136 | ||
| 005 | 20240327140917.0 | ||
| 008 | 890428s1990 enka b 001 0 eng | ||
| 010 | |a 89034123 | ||
| 015 | |a GB8938995 |2 bnb | ||
| 016 | 7 | |a 006005717 |2 Uk | |
| 019 | |a 19777809 |a 59253193 |a 1022754849 |a 1052133032 |a 1056052876 |a 1056842167 |a 1105329542 |a 1107582045 |a 1109823916 |a 1110469742 |a 1167806515 |a 1274557537 |a 1421322184 | ||
| 020 | |a 0521380456 | ||
| 020 | |a 9780521380454 | ||
| 020 | |a 0521438071 |q (pbk.) | ||
| 020 | |a 9780521438070 | ||
| 029 | 1 | |a AU@ |b 000006433984 | |
| 029 | 1 | |a DEBBG |b BV004165774 | |
| 029 | 1 | |a GBVCP |b 018274056 | |
| 029 | 1 | |a GEBAY |b 1466048 | |
| 029 | 1 | |a HEBIS |b 01320257X | |
| 029 | 1 | |a NLGGC |b 052783170 | |
| 029 | 1 | |a NZ1 |b 3645802 | |
| 029 | 1 | |a YDXCP |b 461170 | |
| 029 | 1 | |a ZWZ |b 02114852X | |
| 029 | 1 | |a UKMGB |b 006005717 | |
| 035 | |a (OCoLC)ocm19775902 | ||
| 035 | |a (OCoLC)19775902 |z (OCoLC)19777809 |z (OCoLC)59253193 |z (OCoLC)1022754849 |z (OCoLC)1052133032 |z (OCoLC)1056052876 |z (OCoLC)1056842167 |z (OCoLC)1105329542 |z (OCoLC)1107582045 |z (OCoLC)1109823916 |z (OCoLC)1110469742 |z (OCoLC)1167806515 |z (OCoLC)1274557537 |z (OCoLC)1421322184 | ||
| 035 | |a (OCoLC)ocm19775902 | ||
| 040 | |a DLC |b eng |c DLC |d EL$ |d UKM |d MUQ |d NLGGC |d BTCTA |d YDXCP |d BAKER |d ZWZ |d GEBAY |d EXW |d GBVCP |d OCLCF |d DEBBG |d OCLCO |d OCLCQ |d OCLCO |d DHA |d INU |d OCLCQ |d XFF |d OCLCQ |d OCLCA |d AU@ |d OCLCO |d OCLCQ |d UWO |d UKUOY |d OCLCQ |d EUM |d UWK |d L2U |d IL4J6 |d OCLCO |d UKMGB |d OCLCO |d NKM |d OCLCO |d OCLCL |d OCLCQ | ||
| 050 | 0 | 0 | |a GR933 |b .C78 1990 |
| 082 | 0 | 0 | |a 306.4/5 |2 20 |
| 083 | 0 | |a Numbers. Social aspects | |
| 084 | |a 31.00 |2 bcl | ||
| 084 | |a 73.00 |2 bcl | ||
| 084 | |a LC 91000 |2 rvk | ||
| 084 | |a MS 9400 |2 rvk | ||
| 100 | 1 | |a Crump, Thomas. | |
| 245 | 1 | 4 | |a The anthropology of numbers / |c Thomas Crump. |
| 260 | |a Cambridge ; |a New York : |b Cambridge University Press, |c 1990. | ||
| 300 | |a x, 201 pages : |b illustrations ; |c 24 cm. | ||
| 336 | |a text |b txt |2 rdacontent | ||
| 337 | |a unmediated |b n |2 rdamedia | ||
| 338 | |a volume |b nc |2 rdacarrier | ||
| 490 | 1 | |a Cambridge studies in social anthropology ; |v 70 | |
| 504 | |a Includes bibliographical references (pages 180-189) and index. | ||
| 505 | 0 | 0 | |t The ontology of number -- |t The cognitive foundations of numeracy -- |t Number and language -- |t Cosmology and ethnoscience -- |t Economy, society and politics -- |t Measurement, comparison and equivalence -- |t Time -- |t Money -- |t Music, poetry and dance -- |t Games and chance -- |t Art and architecture -- |t The ecology of number. |
| 520 | 1 | |a "Numbers are an important feature of almost all known cultures. In this detailed anthropological study, Thomas Crump examines how people from a wide range of diverse cultures, and from different historical backgrounds, use and understand numbers. By looking at the logical, psychological and linguistic implications, he analyses how numbers operate within different contexts. The author goes on to consider the relationship of numbers to specific themes, such as ethnoscience, politics, measurement, time, money, music, games and architecture. Book jacket."--BOOK JACKET. | |
| 540 | |a Current Copyright Fee: GBP22.50 |c 0. |5 Uk | ||
| 650 | 0 | |a Numerals |x Folklore. | |
| 650 | 0 | |a Symbolism of numbers. | |
| 650 | 0 | |a Economic anthropology. | |
| 650 | 0 | |a Symbolism in folklore. | |
| 650 | 6 | |a Symbolisme des nombres. | |
| 650 | 6 | |a Anthropologie économique. | |
| 650 | 6 | |a Nombres |x Folklore. | |
| 650 | 6 | |a Symbolisme dans le folklore. | |
| 650 | 7 | |a number symbolism. |2 aat | |
| 650 | 7 | |a 73.00 ethnology: general. |0 (NL-LeOCL)077610350 |2 bcl | |
| 650 | 7 | |a 31.00 mathematics: general. |0 (NL-LeOCL)077601831 |2 bcl | |
| 650 | 7 | |a Economic anthropology |2 fast | |
| 650 | 7 | |a Numerals |2 fast | |
| 650 | 7 | |a Symbolism in folklore |2 fast | |
| 650 | 7 | |a Symbolism of numbers |2 fast | |
| 650 | 7 | |a Kulturanthropologie |2 gnd | |
| 650 | 7 | |a Kulturvergleich |2 gnd | |
| 650 | 7 | |a Sozialanthropologie |2 gnd | |
| 650 | 7 | |a Zahl |2 gnd | |
| 650 | 7 | |a Zahlensymbolik |2 gnd | |
| 650 | 1 | 7 | |a Culturele antropologie. |2 gtt |
| 650 | 1 | 7 | |a Getallen. |2 gtt |
| 650 | 7 | |a Numerals. |2 nli | |
| 650 | 7 | |a Symbolism of numbers. |2 nli | |
| 650 | 7 | |a Nombres |x Anthropologie. |2 ram | |
| 650 | 7 | |a Symbolisme des nombres. |2 ram | |
| 650 | 7 | |a Anthropologie économique. |2 ram | |
| 653 | |a Numbers |a Social aspects | ||
| 655 | 7 | |a Folklore |2 fast | |
| 758 | |i has work: |a The anthropology of numbers (Text) |1 https://id.oclc.org/worldcat/entity/E39PCFx6xdj9RqBXjGqXVtXMrq |4 https://id.oclc.org/worldcat/ontology/hasWork | ||
| 830 | 0 | |a Cambridge studies in social and cultural anthropology ; |v 70. | |
| 856 | 4 | 1 | |3 Table of contents |u http://catdir.loc.gov/catdir/toc/cam031/89034123.html |t 0 |
| 856 | 4 | 1 | |3 Table of contents |u http://www.gbv.de/dms/bowker/toc/9780521380454.pdf |t 0 |
| 856 | 4 | 2 | |3 Publisher description |u http://catdir.loc.gov/catdir/description/cam032/89034123.html |t 0 |
| 938 | |a Baker & Taylor |b BKTY |c 59.95 |d 59.95 |i 0521380456 |n 0007518837 |s active | ||
| 938 | |a Baker and Taylor |b BTCP |n BK0007518837 | ||
| 938 | |a YBP Library Services |b YANK |n 461170 | ||
| 948 | |h HELD BY TXA - 459 OTHER HOLDINGS | ||
| 994 | |a Z0 |b TXA | ||
| 999 | f | f | |s d997be2b-f49f-3729-940f-6a03dc8aac67 |i 1fe8efcf-4177-3e15-b2f4-16260ab715d1 |t 0 |
| 952 | f | f | |p ric |a Texas A&M University |b Rellis Campus |c Joint Library Facility |d Remote Storage |t 0 |e GR933 .C78 1990 |h Library of Congress classification |i unmediated -- volume |m A14813369355 |
| 998 | f | f | |a GR933 .C78 1990 |t 0 |l Remote Storage |